Η θητεία : μυθιστόρημα

Αποθηκεύτηκε σε:
Λεπτομέρειες βιβλιογραφικής εγγραφής
Κύριος συγγραφέας: Λαδιά, Ελένη, 1945-
Μορφή: Βιβλίο
Γλώσσα:Greek
Δημοσίευση: Αθήνα : Βιβλιοπωλείον της Εστίας, 1994.
Θέματα:
Ετικέτες: Προσθήκη ετικέτας
Δεν υπάρχουν, Καταχωρήστε ετικέτα πρώτοι!

MARC

LEADER 00000cam a2200000 i 4500
001 1/62369
008 041011s1994 gr | ||| |||| ||gre||
020 |a 9600505713 
035 |l 10074639 
040 |a GR-MyUA  |b gre  |e AACR2 
041 0 |a gre 
082 0 |a 889.3 
100 1 |a Λαδιά, Ελένη,   |d 1945- 
245 1 2 |a Η θητεία :   |b μυθιστόρημα /   |c Ελένη Λαδιά.  
260 |a Αθήνα :   |b Βιβλιοπωλείον της Εστίας,   |c 1994.  
300 |a 474 σ. ;   |c 21 εκ.  
650 0 0 |a Greek fiction. 
852 |a INST  |b SAMOS  |e 20041011  |h 889.3 ΛΑΔ  |p 005300023046  |q 005300023046  |t BK  |y 0 
901 |a BIBL3-2004-3 
909 |a Σ  |b 107606 
970 |a ΠΟΥΡΝΑΡΑΣ  |b ΔΗΜΗΤΡΗΣ  |z 2004/10/11